| 000 | 00887nam a2200229Ia 4500 | ||
|---|---|---|---|
| 005 | 20250318110618.0 | ||
| 008 | 240825s9999 xx 000 0 und d | ||
| 020 |
_a9788131612651 _qhbk |
||
| 041 | _aeng | ||
| 082 |
_a301.01 _bRIT |
||
| 100 | _aRitzer, G | ||
| 245 | 0 |
_aContemporary sociological theory and its classical roots _c/ Ritzer G _bthe basics |
|
| 250 | _a1st ed. | ||
| 260 |
_bRawat Publication _cc2013 _aNew Delhi |
||
| 300 |
_axii, 340 p. _c24 cm. |
||
| 500 | _aReprint, 2022 | ||
| 504 | _aindex | ||
| 520 | _aThis introduction to contemporary sociological theory begins with a synopsis of the formative years of sociological theory and then looks at modern theory, from structural functionalism to recent syntheses of sociological theory. | ||
| 650 | _aSociologies Biographies; Sociology Philosophy; Sociologie | ||
| 700 | _aJeffrey Stepnisky | ||
| 942 | _cENGLISH | ||
| 999 |
_c542387 _d542387 |
||